| 000 | 01256nam a2200229Ia 4500 | ||
|---|---|---|---|
| 003 | Ost | ||
| 005 | 20260507075201.0 | ||
| 008 | 260507s9999||||xx |||||||||||||| ||und|| | ||
| 040 | _cfsecg | ||
| 041 | _aara | ||
| 082 | _a330 | ||
| 100 |
_aالهلباوى، عبد الله توفيق _eمؤلف |
||
| 245 | 0 |
_aالرياضة المالية / _c عبد الله توفيق الهلباوى |
|
| 260 |
_aالقاهرة: _bمكتبة الحرية, _c2009 |
||
| 300 |
_a459 صفحة؛ _bإيضاحات ؛ _c24 سم |
||
| 504 | _aجداول ص.387 | ||
| 520 | _aطرق حساب الفائدة البسيطة ، الخصم البسيط و القيمة الحالية ، الدفعات المتساوية و الفوائد الدورية ، سداد القروض و استبدالها ، الحسابات الجارية ، طرق حساب الجملة المركبة و الفائدة المركبة ، خصم و استبدال الديون بفائدة مركبة ، الجملة المركبة و القيمة الحالية للدفعات المتساوية ، إستهلاك القروض طويلة الأجل بفائدة مركبة . | ||
| 653 | _aالرياضيات | ||
| 653 | _aالفوائد | ||
| 653 | _aالمالية | ||
| 942 | _cكتاب | ||
| 999 |
_c43404 _d43404 |
||